Numery kierunkowe państw europejskich - Statystyki

Ogólne statystyki
  • Ten quiz został rozwiązany 256 razy
  • Średni wynik to 13 z 47
Statystyki odpowiedzi
Kraj Numer kierunkowy % Poprawnych
Polska 48
87%
Niemcy 49
54%
Rosja 7
46%
Albania 355
42%
Austria 43
42%
Wielka Brytania 44
40%
Norwegia 47
40%
Czechy 420
38%
Belgia 32
36%
Hiszpania 34
36%
Francja 33
34%
Holandia 31
31%
Grecja 30
29%
Białoruś 375
29%
Słowacja 421
29%
Andora 376
28%
Litwa 370
27%
Estonia 372
27%
Łotwa 371
26%
Chorwacja 385
25%
Bośnia i Hercegowina 387
25%
Dania 45
25%
Szwecja 46
25%
Włochy 39
24%
Turcja 90
24%
Irlandia 353
23%
Finlandia 358
23%
Portugalia 351
22%
Islandia 354
22%
Węgry 36
22%
Bułgaria 359
21%
Ukraina 380
21%
Szwajcaria 41
21%
Macedonia Północna 389
20%
Rumunia 40
19%
Liechtenstein 423
19%
Słowenia 386
18%
Mołdawia 373
16%
Luksemburg 352
15%
Cypr 357
15%
Dania (Grenlandia) 299
14%
Wielka Brytania (Gibraltar) 350
14%
Monako 377
14%
Dania(Wyspy Owcze) 298
13%
Malta 356
13%
San Marino 378
13%
Watykan 3906
13%
Nie znaleziono quizów pasujących do podanych kryteriów
Rozkład punktacji
Procent ludzi z każdym wynikiem
Percentyl według liczby udzielonych odpowiedzi
Twoja historia wyników
Nie rozwiązałeś tego quizu